The discovery of grounded theory: strategies for qualitative research

Kaydedildi:
Detaylı Bibliyografya
Asıl Yazarlar: Glaser, Barney G (Yazar), Strauss, Anselm L (Yazar)
Materyal Türü: Kitap
Dil:İngilizce
Baskı/Yayın Bilgisi: Nueva York, USA. Routledge, 1999
Edisyon:1a. ed
Konular:
Etiketler: Etiketle
Etiket eklenmemiş, İlk siz ekleyin!

MARC

LEADER 00000cam a2200000 a 4500
001 UCM4010
003 CL-VaPUC
005 20250123133951.0
008 020726e19990000US |||||||||||||||||eng|d
020 |a 9780202302607 
040 |c Pontificia Universidad Católica de Valparaíso 
082 0 4 |a 300.72 GLA 2009  |2 21 
100 |a Glaser, Barney G  |e author  |9 470500 
245 1 4 |a The discovery of grounded theory: strategies for qualitative research 
250 |a 1a. ed 
260 |a Nueva York, USA.  |b Routledge,  |c 1999 
300 |a 271 páginas 
583 |a last modification  |c 20191007 10:57:16  |k Rodrigo Vera 
650 0 |a Ciencias sociales  |v Investigación  |9 307767 
650 0 |a Métodos de investigación   |9 262618 
700 0 |a Strauss, Anselm L  |e author  |9 470501 
942 |c BK  |2 ddc 
945 |d 20020726 00:00:00  |a vberengu 
999 |c 300925  |d 300923 
952 |0 0  |1 0  |2 ddc  |4 0  |7 0  |9 5525  |a BIBGIM  |b BIBGIM  |d 2019-10-02  |e 1  |g 61514.00  |r 2019-10-02  |v 61514.00  |w 2019-10-02  |y BK 
952 |0 0  |1 0  |2 ddc  |4 0  |7 0  |9 5526  |a BIBGIM  |b BIBGIM  |d 2019-10-02  |e 1  |g 61514.00  |r 2019-10-02  |v 61514.00  |w 2019-10-02  |y BK 
952 |0 0  |1 0  |4 0  |6 300_720000000000000_GLA_1999  |7 0  |8 A  |9 359338  |a BIBEDU  |b BIBEDU  |d 2019-11-21  |i 3829855  |o 300.72 GLA 1999  |p 3829855  |r 2019-11-21  |w 2019-11-21  |y BK  |k PSI 
952 |0 0  |1 0  |4 0  |6 300_720000000000000_GLA_1999  |7 0  |8 A  |9 359339  |a FDOPOS  |b FDOPOS  |d 2019-11-21  |i 4672097  |o 300.72 GLA 1999  |p 4672097  |r 2025-01-22  |w 2019-11-21  |y BK  |k DLA 
952 |0 0  |1 0  |3 erb  |4 0  |6 300_720000000000000_GLA_1999  |7 0  |8 A  |9 359340  |a BIBGIM  |b BIBGIM  |i 5562988  |l 1  |o 300.72 GLA 1999  |p 5562988  |r 2025-04-28  |s 2025-04-28  |w 2019-11-21  |y BK  |z Catalogado en:20191010  |k SSL